Numerical Methods (Record no. 327639)

MARC details
000 -LEADER
fixed length control field 00478nam a2200169Ia 4500
008 - FIXED-LENGTH DATA ELEMENTS--GENERAL INFORMATION
fixed length control field 230718s9999 xx 000 0 und d
020 ## - INTERNATIONAL STANDARD BOOK NUMBER
International Standard Book Number 9788188429639
041 ## - LANGUAGE CODE
Language code of text/sound track or separate title eng
082 ## - DEWEY DECIMAL CLASSIFICATION NUMBER
Classification number 519.4
Item number ARU
100 ## - MAIN ENTRY--PERSONAL NAME
Personal name Arumugam S.
9 (RLIN) 141143
245 ## - TITLE STATEMENT
Title Numerical Methods
250 ## - EDITION STATEMENT
Edition statement 2nd ed.
260 ## - PUBLICATION, DISTRIBUTION, ETC. (IMPRINT)
Name of publisher, distributor, etc. Scitech Publications
365 ## - TRADE PRICE
Currency code Rs.
Price amount 260.00
700 ## - ADDED ENTRY--PERSONAL NAME
Personal name Arumugam S.; Isaac A.T. & Somasundaram A.
9 (RLIN) 188034
906 ## - LOCAL DATA ELEMENT F, LDF (RLIN)
d O:0168822-Apr-2011B:356820-Apr-2011
c ALLIED
b 104
Holdings
Withdrawn status Lost status Damaged status Not for loan Home library Current library Date acquired Vendor Budget Code Cost, normal purchase price Bill number Total Checkouts Full call number Barcode Date last seen Date last checked out Discount Cost, replacement price Bill Date Koha item type Original Barcode
        Cummins College of Engineering for Women Pune Cummins College of Engineering for Women Pune 22/04/2009 Om Book Stall ALLIED 208.00 3568 4 519.4 CCEP-BK-38846 20/12/2023 05/12/2023 104 260.00 20/04/2011 Books 038846